000 00325nam a2200145Ia 4500
008 230312s9999||||xx |||||||||||||| ||und||
082 _a320
_bMUH
100 _aGhulam Muhammad
245 0 _aShahrah e Siasat
260 _bFahad Publisher
_aPakistan
300 _a535
546 _aUrdu
650 _aLiterature
942 _cBK
999 _c5979
_d5979